000 00652nam a2200205 a 4500
001 BRCA_2619
005 20190320203907.0
008 281108s1876----gw-a---###---#000-0#ger-#
050 4 _aNE885
_b.W47 1876
100 1 _aWessely, Joseph Eduard
_d1826-1895
_97470
245 1 0 _aAnleitung zur Kenntniss und zum sammeln der Werke des Kunstdruckes
_cvon J. E. Wessely.
260 _aLeipzig, Alemania
_bT. O. Weigel
_c1876
300 _avi, 338 p.
_bil.
_c21 cm.
500 _aA88
650 1 4 _aGrabado
_vBibliografía
_97354
650 1 4 _aGrabados
_xColeccionistas y colecciones
_97355
650 1 4 _aGrabado
_eHistoria
_97471
902 _aGFM
942 _2lcc
_cB
999 _c2359
_d2359